LEADER 00930nam0 2200277 450 001 9910361360503321 005 20200113104049.0 100 $a20200113d2019----km y0itay50 ba 101 0 $aita 102 $aIT 105 $a 001yy 200 1 $a<>luoghi e i racconti pił strani di Napoli$emonumenti insoliti e dimenticati, vicoli e anfratti da riscoprire, un viaggio tra i segreti di una cittą infinita$fMarco Perillo 210 $aRoma$cNewton Compton editori$d2019 215 $a443 p.$cill.$d21 cm 225 1 $aQuest'Italia$v453 320 $aContiene bibl. (pp.429-430) 610 0 $aNapoli 676 $a945.731$v21$zita 700 1$aPerillo,$bMarco$f<1983->$0751557 801 0$aIT$bUNINA$gREICAT$2UNIMARC 901 $aBK 912 $a9910361360503321 952 $aCOLLEZ. 2154 (453)$b2517/2019$fFSPBC 959 $aFSPBC 996 $aLuoghi e i racconti pił strani di Napoli$91570487 997 $aUNINA